[Event "CZE-chT 9899"]
[Site "CZE"]
[Date "1998.??.??"]
[Round "4"]
[White "Cech, Pavel"]
[Black "Sosna, Jan"]
[Result "1/2-1/2"]
[WhiteElo "2370"]
[BlackElo "2360"]

1.d4 d5 2.c4 e6 3.Nc3 c6 4.e3 Nf6 5.Nf3 Nbd7 6.Qc2 Bd6 7.b3 O-O 8.Be2 dxc4
9.bxc4 e5 10.O-O Re8 11.Rd1 Qe7 12.Bb2 e4 13.Nd2 Nf8 14.Nf1 h5 15.d5 h4 16.c5 Bxc5
17.dxc6 b6 18.Nb5 Bf5 19.Bxf6 gxf6 20.Rd5 Bg6 21.Rad1 Rec8 22.Nd4 Qe8 23.Ba6 Rc7
24.Bb7 Rb8 25.Qd2 Kg7 26.Nf5+ Bxf5 27.Rxf5 Ng6 28.Qe2 Qe6 29.Qg4 Kf8 30.h3 Re8
31.Qh5 Kg7 32.Rfd5 Rh8 33.Qf5 Qxf5 34.Rxf5 Ne5 35.Rf4 f5 36.g4 hxg3 37.Nxg3 Kg6
38.Kg2 Rg8 39.h4 Rh8 40.h5+ Kg5 41.Rd2 Rh6 42.Rd7 Rxd7 43.cxd7 Rh8 44.Bc8 Bd6
45.Rxe4 fxe4 46.Nxe4+ Kxh5 47.Nxd6 Kg6 48.e4 Nc6 49.f4 Kf6 50.e5+ Ke7 51.Nf5+ Kd8
52.Nd6 Rf8 53.Kf3 Kc7 54.Nb5+ Kd8 55.Nd6 f6 56.Ke4 fxe5 57.fxe5 Rf2 58.Kd5 Ne7+
59.Ke6 Nc6 60.Bb7 Nd4+ 61.Kd5 Rd2 62.Ne4 Rd1 63.Nc3 Rd3 64.Kc4 Rd2 65.Ne4 b5+
66.Kd5 Rd1 67.e6 Ke7 68.Nf2 Rf1 69.Kxd4 Rxf2 70.Kc5 b4 71.Bd5 Rf5 72.Kc6 a5
73.Bb3 Rg5 74.Kc7 Rg8 75.Kb6 Ra8 76.Bd5 Rh8 77.Bb3 Rh5 78.Kc7 Rh8 79.Kb6  1/2-1/2

[Event "Moravia-chT 9798"]
[Site "CZE"]
[Date "1998.??.??"]
[Round "7.2"]
[White "Cempel, Jaroslav"]
[Black "Sluka, Radek"]
[Result "1/2-1/2"]
[WhiteElo "2270"]
[BlackElo "2380"]

1.Nf3 d5 2.d4 Nf6 3.c4 c6 4.e3 e6 5.Nc3 Nbd7 6.Bd3 dxc4 7.Bxc4 b5 8.Bd3 a6
9.O-O Bb7 10.Ne4 c5 11.Nxf6+ gxf6 12.b3 f5 13.Bb2 Rg8 14.g3 Rc8 15.Rc1 Qa5
16.a3 Qb6 17.Be2 c4 18.bxc4 bxc4 19.Bc3 Bxa3 20.Ra1 Bd6 21.Qa4 Qc7 22.Ne5 Bxe5
23.dxe5 Qc6 24.Qxc6 Bxc6 25.Rxa6 Bd5 26.Ra7 Nb8 27.Bh5 Rg7 28.Rd1 Nc6 29.Rb7 Nd8
30.Rb5 Rg5 31.Be2 Nc6 32.h4 Rg8 33.Rc5 Ne7 34.Rxc8+ Nxc8 35.Rb1 Kd7 36.Rb4 Ne7
37.Bxc4 Rc8 38.Bb5+ Bc6 39.Bd4 Bxb5 40.Rxb5 Rc1+ 41.Kg2 Nc6 42.Rb7+ Ke8 43.Rc7 Kf8
44.Bb2 Rc4 45.Ba3+ Kg7 46.Bd6 Na5 47.Ra7 Nc6 48.Ra8 h5 49.Ra6 Kg6 50.Kf1 Nb4
51.Ra8 Kh7 52.Bxb4 Rxb4 53.Ra5 Rb1+ 54.Ke2 Rb2+ 55.Kf3 Kg6 56.Ra4 Rc2 57.e4 Rc3+
58.Kf4 fxe4 59.Rxe4 Rc2 60.f3 Rh2 61.Ra4 Rh1 62.Ra8 Re1 63.Rg8+ Kh7 64.Rg5 Kh6
65.Rg8 Kh7 66.Rd8 Kg6 67.Rd4 Rh1 68.Re4 Rh2 69.Re1 Ra2 70.g4 Ra4+ 71.Re4 Ra1
72.Kg3 Rg1+ 73.Kf2 Rh1 74.Re1 Rh2+ 75.Kg3 Ra2 76.Re4 Ra1 77.Rf4 hxg4 78.Rf6+ Kg7
79.Kxg4 Re1 80.f4 Rg1+ 81.Kf3 Rb1 82.Kg3 Kg8 83.Rh6 Kg7 84.Rh5 Kg6  1/2-1/2

[Event "CZE-chT2 9798"]
[Site "CZE"]
[Date "1998.??.??"]
[Round "9.3"]
[White "Kozak, Milos"]
[Black "Petr, Jan"]
[Result "1/2-1/2"]
[WhiteElo "2290"]
[BlackElo "2180"]

1.Nf3 Nf6 2.d4 d5 3.c4 c6 4.e3 e6 5.Nc3 Bb4 6.Bd2 O-O 7.a3 Bxc3 8.Bxc3 Ne4
9.Qc2 Nxc3 10.Qxc3 Nd7 11.Bd3 Re8 12.O-O Nf8 13.Rfd1 Ng6 14.b4 Bd7 15.a4 Qc7
16.Rdc1 Rec8 17.cxd5 exd5 18.b5 Qd6 19.bxc6 Rxc6 20.Qb3 Rac8 21.Rxc6 Qxc6
22.h3 Qc3 23.Qxc3 Rxc3 24.Bxg6 hxg6 25.Ne5 Be8 26.a5  1/2-1/2

[Event "Moravia-chT 9798"]
[Site "CZE"]
[Date "1998.??.??"]
[Round "11.2"]
[White "Cempel, Jaroslav"]
[Black "Sosna, Jan"]
[Result "0-1"]
[WhiteElo "2270"]
[BlackElo "2355"]

1.d4 d5 2.c4 e6 3.Nc3 c6 4.e3 Nf6 5.Nf3 Nbd7 6.cxd5 exd5 7.Bd3 Bd6 8.O-O O-O
9.e4 dxe4 10.Nxe4 Nxe4 11.Bxe4 Nf6 12.Bg5 h6 13.Bxf6 Qxf6 14.Re1 Be6 15.Qc2 Rfd8
16.Rad1 Bc7 17.Re3 Bb6 18.Red3 Rd6 19.Qc3 Rad8 20.h3 Qf4 21.Re1 Qf6 22.Red1 Bd5
23.Bxd5 Rxd5 24.b4 c5 25.bxc5 Bxc5 26.Qc4 Bb6 27.R3d2 Qf4 28.Rd3 Qf5 29.Qc3 Qc8
30.Qb3 Qd7 31.Ne5 Qb5 32.Qxb5 Rxb5 33.Nc4 Rb4 34.Nxb6 Rxb6 35.R1d2 Kf8 36.g4 Ke7
37.Kg2 Kd6 38.Rf3 Rd7 39.Rf5 f6 40.h4 Re7 41.g5 hxg5 42.hxg5 Ke6 43.Ra5 a6
44.gxf6 Kxf6 45.Kf3 Rbe6 46.Kf4 b5 47.Ra3 g5+ 48.Kf3 Kf5 49.Rad3 Rd7 50.Ra3 Rc6
51.Rdd3 Rc2 52.Re3 Rd2 53.Re5+ Kf6 54.Ke4 Rd6 55.Rf3+ Kg6 56.d5 Rxa2 57.Re6+ Rxe6+
58.dxe6 Re2+ 59.Kd5 g4 60.Rf8 b4 61.Rg8+ Kf6 62.Rf8+ Ke7 63.Rf7+ Ke8 64.Rf4 b3
65.Rxg4 a5 66.Kc4 a4 67.Kb4 Ra2 68.Rg1 b2  0-1

[Event "POL-ch sf"]
[Site "Czestochowa"]
[Date "1998.??.??"]
[Round "8"]
[White "Palus, Ryszard"]
[Black "Kaszowski, Dariusz"]
[Result "1-0"]
[WhiteElo "2375"]
[BlackElo "2295"]

1.d4 d5 2.c4 c6 3.Nf3 Nf6 4.Nc3 e6 5.e3 Nbd7 6.Bd3 dxc4 7.Bxc4 b5 8.Be2 Bb7
9.e4 b4 10.e5 bxc3 11.exf6 Nxf6 12.bxc3 Bd6 13.Qa4 O-O 14.Bg5 c5 15.dxc5 Bxc5
16.O-O Qd5 17.Bxf6 gxf6 18.Qf4 Kg7 19.Qg3+ Kh8 20.Rad1 Qh5 21.Qf4 Kg7 22.Rd7 Bc8
23.Nd4 Qxe2 24.Nxe2 Bxd7 25.Qg3+ Kh8 26.Qc7 Bb5 27.Qxc5 Bxe2 28.Re1 Rfd8
29.f3 Bd3 30.Qe7 Kg8 31.Qxf6 Bg6 32.h4 Rd5 33.Re5 Rxe5 34.Qxe5  1-0

[Event "Decin op-A"]
[Site "Decin"]
[Date "1998.??.??"]
[Round "3"]
[White "Lechtynsky, Jiri"]
[Black "Solodovnichenko, Yuri"]
[Result "0-1"]
[WhiteElo "2370"]
[BlackElo "2415"]

1.Nf3 Nf6 2.c4 c6 3.d4 d5 4.Nc3 e6 5.e3 Nbd7 6.Bd3 dxc4 7.Bxc4 b5 8.Bd3 a6
9.e4 c5 10.e5 cxd4 11.Nxb5 Nxe5 12.Nxe5 axb5 13.Bxb5+ Bd7 14.Nxd7 Qa5+ 15.Bd2 Qxb5
16.Nxf8 Kxf8 17.a4 Qd5 18.O-O h5 19.Rc1 Kg8 20.Re1 h4 21.h3 Rh5 22.b4 Rf5
23.Rc5 Qa2 24.Rxf5 exf5 25.Bg5 Ne4 26.Bxh4 Qc4 27.b5 d3 28.b6 d2 29.Rf1 Qd4
30.b7 Rb8 31.Qc2 Qc3 32.Qb1 Qc6 33.Qd1 Qd7 34.Qc2 Rxb7 35.Rd1 Qc7 36.Qxc7 Rxc7
37.Bg5 Nxg5 38.Rxd2 Ne6 39.a5 Rc1+ 40.Kh2 Ra1 41.Rd5 g6 42.h4 Ra2 43.Kg3 Kg7
44.h5 f4+ 45.Kf3 Ra3+ 46.Ke4 g5 47.Kf5 f3 48.g3 Ra2 49.h6+ Kxh6 50.Kf6 Rxf2
51.Kxf7 Re2 52.Rf5 Nd4  0-1

[Event "Decin op-A"]
[Site "Decin"]
[Date "1998.??.??"]
[Round "3"]
[White "Gutman, Gennadi"]
[Black "Letov, Alexander"]
[Result "1/2-1/2"]
[WhiteElo "2415"]
[BlackElo "2300"]

1.d4 d5 2.c4 c6 3.Nf3 Nf6 4.Nc3 e6 5.e3 Nbd7 6.Bd3 Bd6 7.O-O O-O 8.e4 dxc4
9.Bxc4 e5 10.Bg5 Qe7 11.d5 Rd8 12.dxc6 bxc6 13.Qe2 Nf8 14.Nh4 h6 15.Be3 Nxe4
16.Nxe4 Qxh4 17.Bxf7+ Kxf7 18.Qc4+ Kg6 19.Nxd6 Qxc4 20.Nxc4 Kf6 21.Rfc1 Rd5
22.b4 Bd7 23.Na5 Ne6 24.Nxc6 Bxc6 25.Rxc6 a5 26.bxa5 Rdxa5 27.Rc2 R8a6 28.h3 Ra4
29.Rb2 Nd4 30.Kf1 g5 31.Kg1 Kg6 32.Kh2 Kf6 33.Bd2 Ke6 34.h4 Kf5 35.f3 g4
36.fxg4+ Kxg4 37.Be1 Kh5 38.Bb4 Kg4 39.g3 Nc2 40.Rxc2 Rxb4 41.a3 Rba4 42.Rc3 Rd6
43.Ra2 Rad4 44.Re3 Rd2+ 45.Re2 Rxa2 46.Rxa2 Kf3 47.a4 e4 48.a5 e3 49.a6 e2
50.a7 Rd8 51.Ra3+ Kg4 52.Re3 Ra8 53.Rxe2 Rxa7 54.Re4+ Kf5 55.Rb4 h5 56.Rb6 Rh7
57.Kg2 Rh8 58.Ra6 Rh7 59.Ra8 Kg6 60.Ra6+ Kf5 61.Kf3 Rh8 62.Rb6 Rh7 63.Rb8 Kg6
64.Rb6+ Kf5 65.Rc6 Rh8 66.Rd6 Rh7 67.Ke3 Re7+ 68.Kf3 Rh7 69.Rd5+ Kg6 70.Rg5+ Kh6
71.Rd5 Rf7+ 72.Ke4 Rg7 73.Rd6+ Kh7 74.Rd3 Kh6 75.Ke5 Rf7 76.Rd6+ Kg7 77.Rd3 Kg6
78.Ke6 Rf1 79.Rd5 Rf6+ 80.Ke7 Rf7+ 81.Ke8 Rf3 82.Rg5+ Kh6 83.Ke7 Ra3 84.Rg8 Kh7
85.Rg5 Kh6 86.Kf6 Ra6+ 87.Kf5 Ra5+ 88.Kf6 Ra6+  1/2-1/2

[Event "Decin op-A"]
[Site "Decin"]
[Date "1998.??.??"]
[Round "4"]
[White "Al Khateeb, Ahmed"]
[Black "Kozlov, Oleg"]
[Result "0-1"]
[WhiteElo "2275"]
[BlackElo "2410"]

1.d4 d5 2.Nf3 Nf6 3.c4 e6 4.Nc3 c6 5.e3 a6 6.Bd3 dxc4 7.Bxc4 b5 8.Bd3 c5
9.O-O Bb7 10.e4 cxd4 11.Nxd4 Nbd7 12.Re1 Ne5 13.Bc2 Bc5 14.Nb3 Bb6 15.Be3 Bxe3
16.Rxe3 Nc4 17.Rg3 Qxd1+ 18.Nxd1 Rc8 19.Nd4 O-O 20.a4 Rfd8 21.b3 Na3 22.Rxa3 Rxd4
23.Rd3 Rxd3 24.Bxd3 Rc1 25.Be2 b4 26.Ra2 Nxe4 27.Kf1 a5 28.Ke1 Bd5 29.Rd2 Nxd2  0-1

[Event "Dieren op"]
[Site "Dieren"]
[Date "1998.??.??"]
[Round "2"]
[White "Van Beek, Lucien"]
[Black "Verholt, Gerard"]
[Result "1-0"]
[WhiteElo "2190"]
[BlackElo "2125"]

1.d4 d5 2.c4 c6 3.Nf3 e6 4.e3 Nf6 5.Nc3 Nbd7 6.Qc2 Bd6 7.b3 Qe7 8.Be2 O-O
9.O-O Re8 10.Rd1 Nf8 11.e4 dxe4 12.Nxe4 Nxe4 13.Qxe4 Ng6 14.Ne5 f5 15.Qe3 Bd7
16.Qg3 c5 17.Bg5 Bxe5 18.dxe5 Qf7 19.Bh5 Bc6 20.Rd6 Rf8 21.Bf4 Rae8 22.Rad1 Kh8
23.Qe3 Bxg2 24.Rd7 Qxd7 25.Rxd7 Bc6 26.Bxg6 hxg6 27.Qh3+ Kg8 28.Rxg7+ Kxg7
29.Qh6+ Kg8 30.Bg5 Rf7 31.Bf6  1-0

[Event "Dieren op"]
[Site "Dieren"]
[Date "1998.??.??"]
[Round "3"]
[White "De Niet, Gert Michiel"]
[Black "Verholt, Gerard"]
[Result "0-1"]
[WhiteElo "2210"]
[BlackElo "2125"]

1.d4 d5 2.c4 c6 3.Nc3 e6 4.e3 Nf6 5.Nf3 Nbd7 6.Qc2 Bd6 7.Be2 Qe7 8.O-O dxc4
9.a4 O-O 10.Bxc4 e5 11.h3 exd4 12.Nxd4 Ne5 13.Be2 Ng6 14.Nf5 Bxf5 15.Qxf5 Qe5
16.Qxe5 Bxe5 17.Bd2 Rad8 18.Be1 Rfe8 19.Rc1 Nf4 20.Bc4 Nd3 21.Rc2 Nxe1 22.Rxe1 Bxc3
23.Rxc3 Rd2 24.Re2 Rd1+ 25.Kh2 Red8 26.f3 h5 27.h4 Nd5 28.Rd3 Nb6 29.Rxd8+ Rxd8
30.Bb3 Rd3 31.Bc2 Rd5 32.Kg3 g6 33.b4 a5 34.e4 Rd4 35.bxa5 Nxa4 36.Re3 Nc5
37.Rc3 Na6 38.Kf4 Rb4 39.Bd3 Nc7 40.Ke5 Ra4 41.Kd6 Ne6 42.a6 bxa6 43.Bc4 Nd4
44.Ke7 Rb4 45.Kf6 Rb7 46.Bxa6 Rb6 47.Bc8 c5+ 48.Kg5 Rc6 49.Bd7 Rc7 50.Ba4 Kg7
51.e5 Ne6+  0-1

[Event "Dieren op"]
[Site "Dieren"]
[Date "1998.??.??"]
[Round "5"]
[White "Van Rijn, Anton"]
[Black "Verholt, Gerard"]
[Result "1-0"]
[WhiteElo "2245"]
[BlackElo "2125"]

1.d4 d5 2.c4 c6 3.Nc3 e6 4.e3 Nf6 5.Nf3 Nbd7 6.Bd3 Bd6 7.e4 dxe4 8.Nxe4 Nxe4
9.Bxe4 Bb4+ 10.Bd2 Bxd2+ 11.Qxd2 O-O 12.O-O c5 13.Rfd1 Nf6 14.dxc5 Qc7 15.Bd3 Qxc5
16.b4 Qh5 17.Qf4 a5 18.a3 Bd7 19.Ne5 Ba4 20.Re1 axb4 21.axb4 Bc6 22.b5 Rxa1
23.Rxa1 Bd7 24.Kf1 Bc8 25.Be2 Qf5 26.Qxf5 exf5 27.c5 Ne4 28.c6 Re8 29.Ra8 bxc6
30.Nxc6 Kf8 31.b6 Nc5 32.Na5 Bb7 33.Rxe8+ Kxe8 34.Nxb7 Nxb7 35.Bf3 Nc5 36.Ke2 Kd7
37.Ke3 Na4 38.b7 Kc7 39.Kd4 Nb6 40.Ke5 Nd7+ 41.Kxf5 h6 42.Bd5 g6+ 43.Kf4 f6
44.h4 h5 45.Ke4 Nc5+ 46.Kd4 Nd7 47.f4 Nf8 48.g3 Nd7 49.Be6 Nb8 50.Bd5 Nd7
51.Be4 f5 52.Bd5 Nf6 53.Bc6 Ng4 54.Bf3 Nf6 55.Ke5 Nd7+ 56.Ke6  1-0

[Event "Sparkasse op"]
[Site "Dortmund"]
[Date "1998.??.??"]
[Round "?"]
[White "Leitao, Rafael"]
[Black "Feigin, Mihail"]
[Result "0-1"]
[WhiteElo "2515"]
[BlackElo "2515"]

1.d4 d5 2.c4 e6 3.Nc3 c6 4.e3 Nf6 5.Nf3 Nbd7 6.Qc2 Bd6 7.b3 O-O 8.Be2 e5
9.cxd5 Nxd5 10.Nxd5 cxd5 11.dxe5 Nxe5 12.Bb2 Bb4+ 13.Kf1 Nxf3 14.Bxf3 Be6
15.Qd3 Qb6 16.Ke2 a5 17.a4 Rfc8 18.Rhc1 Rc6 19.Kf1 Rac8 20.h3 Be7 21.Bd1 g6
22.Kg1 Kf8 23.Kf1 Ke8 24.Bg4 Qc7 25.Bxe6 fxe6 26.g3 Qb6 27.Kg2 Qb4 28.Kf3 Kf7
29.Ke2 Bd6 30.Ba3 Qb6  0-1

[Event "Sparkasse op"]
[Site "Dortmund"]
[Date "1998.??.??"]
[Round "?"]
[White "Pinter, Jozsef"]
[Black "Richter, Michael"]
[Result "1-0"]
[WhiteElo "2590"]
[BlackElo "2360"]

1.d4 d5 2.c4 e6 3.Nc3 c6 4.e3 Nf6 5.Nf3 Nbd7 6.Bd3 dxc4 7.Bxc4 b5 8.Bd3 Bb7
9.e4 a6 10.e5 Nd5 11.Nxd5 cxd5 12.O-O Be7 13.Bd2 O-O 14.a4 b4 15.Qb1 h6 16.Be3 a5
17.Re1 b3 18.Qd1 Ba6 19.Bxa6 Rxa6 20.Qxb3 Rb6 21.Qa2 Qb8 22.Re2 Qb7 23.Rc1 Nb8
24.Rec2 Nc6 25.Bd2 Rb8 26.h3 Bd8 27.b3 Nb4 28.Bxb4 Rxb4 29.Rc3 g6 30.Rd3 Kg7
31.Rcc3 Rc8 32.Rxc8 Qxc8 33.Qd2 Qb7 34.Qc2 Bb6 35.g3 Qa7 36.Qd2 Bd8 37.Kg2 Rb7
38.h4 Be7 39.Nh2 Qb8 40.Ng4 g5 41.hxg5 hxg5 42.Rf3 Rxb3 43.Nf6 Bxf6 44.Rxf6 Qg8
45.Qxg5+ Kf8 46.Qh4  1-0

[Event "Sparkasse op"]
[Site "Dortmund"]
[Date "1998.??.??"]
[Round "?"]
[White "Kekelidze, Mikheil"]
[Black "Richter, Michael"]
[Result "1/2-1/2"]
[WhiteElo "2405"]
[BlackElo "2360"]

1.d4 d5 2.c4 e6 3.Nc3 c6 4.e3 Nf6 5.Nf3 Nbd7 6.Bd3 dxc4 7.Bxc4 b5 8.Bb3 Be7
9.O-O O-O 10.a3 b4 11.axb4 Bxb4 12.e4 Bxc3 13.bxc3 Nxe4 14.Qe1 Nef6 15.Bg5 Qc7
16.Ne5 Nxe5 17.Qxe5 Qxe5 18.dxe5 Ne4 19.Be3 Nxc3 20.Bxa7 Bb7 21.Bc4 Nb5 22.Bc5 Rxa1
23.Rxa1 Ra8 24.Rxa8+ Bxa8 25.f3 Bb7 26.Bb3 Nc7 27.Kf2 Ba6 28.g4 Bb5 29.h4 Nd5
30.Kg3 f6 31.exf6 gxf6 32.f4 Kf7 33.Bc2 Kg7 34.h5 h6 35.g5 Be2 36.Kh4 Nxf4
37.gxh6+ Kh8 38.Bg6 Nxg6+ 39.hxg6 Bd3 40.Kh5 Be2+  1/2-1/2

[Event "Dresden zt"]
[Site "Dresden"]
[Date "1998.??.??"]
[Round "1"]
[White "Alterman, Boris"]
[Black "Baumegger, Siegfried"]
[Result "1-0"]
[WhiteElo "2615"]
[BlackElo "2495"]

1.d4 d5 2.c4 c6 3.Nc3 Nf6 4.e3 e6 5.Nf3 Nbd7 6.Bd3 dxc4 7.Bxc4 b5 8.Bd3 a6
9.e4 c5 10.d5 c4 11.Bc2 e5 12.O-O Bd6 13.b3 b4 14.Ne2 Nc5 15.Ng3 O-O 16.bxc4 a5
17.a3 Rb8 18.axb4 axb4 19.Nd2 g6 20.h3 Qb6 21.Rb1 Ba6 22.Re1 Rfc8 23.Ngf1 Nb7
24.Ne3 Na5 25.Qf3 Bc5 26.Nb3 Nxb3 27.Bxb3 Qd6 28.Nc2 Nd7 29.Ra1 Ra8 30.Bh6 Nb6
31.Rec1 Bb7 32.Ne1 Nd7 33.Nd3 Bd4 34.Rxa8 Bxa8 35.Bd2 Rb8 36.Be3 Qb6 37.c5  1-0

[Event "Dresden zt (Women)"]
[Site "Dresden"]
[Date "1998.??.??"]
[Round "5"]
[White "Schmid, Shahanah"]
[Black "Djeno, Mara"]
[Result "0-1"]
[WhiteElo "2130"]
[BlackElo "2180"]

1.d4 d5 2.c4 e6 3.Nc3 c6 4.e3 Nf6 5.Nf3 Nbd7 6.Qc2 Bd6 7.Bd2 O-O 8.Bd3 dxc4
9.Bxc4 e5 10.O-O exd4 11.exd4 h6 12.Rad1 Nb6 13.Be2 Re8 14.Ne5 Be6 15.f4 Qc7
16.Ne4 Nxe4 17.Qxe4 Bd5 18.Qf5 Be6 19.Qh5 Bxa2 20.Bd3 Rad8 21.f5 Bxe5 22.f6 Bxd4+
23.Kh1 Bxf6 24.Rxf6 Re5 25.Qf3 Red5 26.Bf4 Qe7 27.Bxh6 Rxd3 28.Rxd3 Qe1+
29.Qf1 Qxf1+ 30.Rxf1 Rxd3  0-1

[Event "Dresden zt"]
[Site "Dresden"]
[Date "1998.??.??"]
[Round "6"]
[White "Huzman, Alexander"]
[Black "Rogic, Davor"]
[Result "1-0"]
[WhiteElo "2610"]
[BlackElo "2445"]

1.d4 d5 2.c4 c6 3.Nc3 Nf6 4.e3 e6 5.Nf3 Nbd7 6.Bd3 dxc4 7.Bxc4 b5 8.Bd3 Bb7
9.O-O a6 10.e4 c5 11.d5 Qc7 12.Qe2 c4 13.Bc2 Bd6 14.Bg5 Ne5 15.Kh1 h6 16.Bxf6 gxf6
17.dxe6 fxe6 18.Nd4 Qf7 19.f4 Nd3 20.Bxd3 cxd3 21.Qxd3 Rd8 22.Qh3 b4 23.Nxe6 bxc3
24.Nxd8 Kxd8 25.Rad1 Qe7 26.Qxc3 Ke8 27.Qc4 Kf8 28.e5 Rg8 29.Rd2 Bc5 30.exf6 Qd6
31.Qxg8+ Kxg8 32.Rxd6 Bxd6 33.Rd1 Bf8 34.Rd7 Bc6 35.Rc7 Bb5 36.h3 Bd6 37.Rg7+ Kf8
38.g3 Bc5 39.Rh7 Bd4 40.b3 Bd3 41.Rxh6 Bb1 42.a3 Kf7 43.Rh5 Bb2 44.Kh2 Bd3
45.Rd5 Bf1 46.Rd7+ Ke6 47.Rd1 Bb5 48.a4 Bc6 49.f5+  1-0

[Event "Dresden zt"]
[Site "Dresden"]
[Date "1998.??.??"]
[Round "8"]
[White "Jelen, Igor"]
[Black "Baumegger, Siegfried"]
[Result "0-1"]
[WhiteElo "2430"]
[BlackElo "2495"]

1.d4 d5 2.c4 c6 3.Nc3 Nf6 4.e3 e6 5.Nf3 Nbd7 6.Bd3 dxc4 7.Bxc4 b5 8.Bd3 a6
9.e4 c5 10.d5 c4 11.dxe6 fxe6 12.Bc2 Qc7 13.O-O Bc5 14.Qe2 Ne5 15.Nxe5 Qxe5
16.Kh1 Bb7 17.f4 Qh5 18.Qxh5+ Nxh5 19.e5 g6 20.Be4 Bxe4 21.Nxe4 Be7 22.Be3 O-O
23.g4 Ng7 24.Kg2 Ne8 25.Bb6 Rc8 26.Rad1 Nc7 27.Nd6 Bxd6 28.exd6 Nd5 29.d7 Rb8
30.d8=Q Rbxd8 31.Bxd8 Rxd8 32.Kg3 Rc8 33.Rf3 Kf7 34.f5 gxf5 35.gxf5 Kf6 36.Rd2 b4
37.Kf2 c3 38.fxe6+ Kxe6 39.bxc3 bxc3 40.Re2+ Kd6 41.Rc2 Ke5 42.Ke2 Kd4 43.Rd3+ Ke4
44.Rg3 h5 45.h4 a5 46.a3 Kd4 47.Rd3+ Kc4 48.Rxd5 Kxd5 49.Kd3 Rc4 50.Rf2 c2
51.Rxc2 Rxh4 52.Rf2 Rh3+ 53.Kc2 Ke4 54.Kb2 Rf3 55.Rh2 Rf5 56.Kb3 Kf3 57.Ka4 Kg3
58.Rc2 h4 59.Rc3+ Kg4 60.Rd3 h3 61.Rd2 Kg3 62.Ra2 h2 63.Ra1 Kg2 64.Ra2+ Kh3
65.Ra1 Rg5  0-1

[Event "Centrocoop June op-A"]
[Site "Eforie Nord "]
[Date "1998.??.??"]
[Round "?"]
[White "Iordache, Traian"]
[Black "Sharovatova, Anastasia"]
[Result "1-0"]
[WhiteElo "2225"]
[BlackElo "2000"]

1.d4 d5 2.Nf3 c6 3.c4 e6 4.e3 Nf6 5.Nc3 Bd6 6.Qc2 Nbd7 7.Be2 O-O 8.O-O e5
9.cxd5 cxd5 10.Nb5 Bb8 11.dxe5 Nxe5 12.b3 Bg4 13.Nbd4 Qd6 14.Nxe5 Qxe5 15.g3 Bh3
16.Rd1 Rc8 17.Qd3 Ne4 18.Bb2 Qf6 19.Bf3 Qg6 20.Ne2 Bc7 21.Qxd5 Ng5 22.Rac1 Nxf3+
23.Qxf3 Bg4 24.Qxb7 Bxe2 25.Rxc7 Rcb8 26.Rdc1 Qf5 27.Qc6 Bf3 28.Qc3 f6 29.Qc4+ Bd5
30.Qf4 Qh3 31.Rxg7+ Kh8 32.e4 Rc8 33.Bxf6 Rxc1+  1-0

[Event "Centrocoop June op-A"]
[Site "Eforie Nord "]
[Date "1998.??.??"]
[Round "?"]
[White "Ghitescu, Theodor"]
[Black "Gagarin, Vasilij"]
[Result "1/2-1/2"]
[WhiteElo "2355"]
[BlackElo "2415"]

1.d4 d5 2.c4 c6 3.Nf3 Nf6 4.Nc3 e6 5.e3 Nbd7 6.Qc2 Bd6 7.Bd2 O-O 8.O-O-O c5
9.cxd5 exd5 10.Ng5 Nb6 11.dxc5 Bxc5 12.Bd3 h6 13.h4 Bd7 14.Bh7+ Kh8 15.Bf5 Rc8
16.Bxd7 Qxd7 17.Kb1 Kg8 18.Be1 Rfd8 19.e4 d4 20.e5 d3 21.Qb3 Nfd5 22.e6 fxe6
23.Nge4 Nxc3+ 24.Bxc3 Qd5 25.Qxd5 Rxd5 26.Rh3 Be7 27.Rg3 e5 28.Rgxd3 Rxd3
29.Rxd3 Bxh4 30.Rh3 Bf6 31.Nxf6+ gxf6 32.Rxh6  1/2-1/2

[Event "Centrocoop Sept op-A"]
[Site "Eforie Nord"]
[Date "1998.??.??"]
[Round "?"]
[White "Puskas, Janos"]
[Black "Racasan, Sebastian"]
[Result "0-1"]
[WhiteElo "2100"]
[BlackElo "2240"]

1.Nf3 Nf6 2.c4 e6 3.Nc3 d5 4.d4 c6 5.e3 Nbd7 6.Bd3 dxc4 7.Bxc4 b5 8.Bd3 Bb7
9.O-O a6 10.e4 Be7 11.Qe2 c5 12.e5 Nd5 13.Ne4 cxd4 14.Bg5 Qb6 15.Rad1 O-O
16.Bxe7 Nxe7 17.Nd6 Bxf3 18.Qxf3 Nxe5 19.Bxh7+ Kxh7 20.Qh5+ Kg8 21.Qxe5 Rad8
22.Qxd4 Qc7 23.Qe5 Nf5 24.Rd3 Rxd6 25.g4 Qd7 26.gxf5 Rxd3 27.f6 Qd4  0-1

[Event "Centrocoop Sept op-A"]
[Site "Eforie Nord"]
[Date "1998.??.??"]
[Round "?"]
[White "Dumitrache, Dragos"]
[Black "Udalkin, Ruslan A"]
[Result "1-0"]
[WhiteElo "2420"]
[BlackElo "2180"]

1.d4 d5 2.c4 c6 3.Nf3 Nf6 4.Nc3 e6 5.e3 Nbd7 6.Qc2 Be7 7.Be2 dxc4 8.Bxc4 b5
9.Be2 a6 10.e4 Bb7 11.O-O c5 12.e5 Nd5 13.Ne4 cxd4 14.a3 Rc8 15.Qd3 Nc5 16.Nxc5 Bxc5
17.Ng5 Ne7 18.Bh5 g6 19.Bf3 Bd5 20.Ne4 Bxe4 21.Bxe4 Nf5 22.Bb7 Rb8 23.Bc6+ Kf8
24.b4 Be7 25.g4 Ng7 26.Be4 h5 27.h3 hxg4 28.hxg4 Rh4 29.Qg3 d3 30.Be3 Rc8
31.Rac1 Ne8 32.Rxc8 Qxc8 33.Rc1 Qd7 34.Rd1 f5 35.exf6 Bxf6 36.Rxd3 Qc7 37.Bc5+ Kg8
38.Qxc7 Nxc7 39.f3 g5 40.Rd7 Nd5 41.Bxd5 exd5 42.Rxd5 Rh6 43.Be3 Rg6 44.Rd6 Kf7
45.Rd7+ Ke8 46.Rd5 Kf7 47.Kf2 Rg8 48.Rd7+ Ke6 49.Ra7 Rc8 50.Rxa6+ Kf7 51.Rb6 Rc2+
52.Kf1 Rc3  1-0

[Event "Centrocoop Sept op-A"]
[Site "Eforie Nord"]
[Date "1998.??.??"]
[Round "?"]
[White "Dumitrache, Dragos"]
[Black "Bondoc, Dan Vladimir"]
[Result "1/2-1/2"]
[WhiteElo "2420"]
[BlackElo "2255"]

1.d4 d5 2.c4 e6 3.Nc3 c6 4.e3 Nf6 5.Nf3 Nbd7 6.Qc2 Bd6 7.Be2 O-O 8.O-O Re8
9.a3 a6 10.Rd1 Qe7 11.h3 dxc4 12.Bxc4 b5 13.Ba2 c5 14.e4 cxd4 15.Nxd4 Bb7
16.f4 Bc5 17.e5 Nh5 18.Qf2 g6 19.Be3 Rac8 20.Rac1 b4 21.axb4 Bxb4 22.Na4 Ng7
23.Nc2 Bc6 24.Nb6 Nxb6 25.Bxb6 Ba4 26.b3 Bc6 27.Nxb4 Qxb4 28.Rc4 Qb5 29.Qc5 h5
30.Rdc1 Qxc5+ 31.Rxc5 Bb7 32.Rxc8 Rxc8 33.Rxc8+ Bxc8 34.Bc5 Nf5 35.Kf2 h4
36.Bb1 Bb7 37.Bxf5 exf5 38.b4 f6 39.exf6 Kf7 40.Bd4 Bd5 41.g3 hxg3+ 42.Kxg3 Bc4
43.Kf2 Bb5 44.Bc5 Bc4 45.Ke3 Bb5 46.h4 Bf1 47.Kd4 Be2 48.Kd5 Bd3  1/2-1/2

[Event "Centrocoop Sept op-A"]
[Site "Eforie Nord"]
[Date "1998.??.??"]
[Round "?"]
[White "Pozin, Sergey"]
[Black "Udalkin, Ruslan A"]
[Result "1-0"]
[WhiteElo "2390"]
[BlackElo "2180"]

1.d4 d5 2.Nf3 Nf6 3.c4 c6 4.Nc3 e6 5.e3 Nbd7 6.a3 Bd6 7.Bd3 b6 8.e4 dxe4
9.Nxe4 Nxe4 10.Bxe4 Bb7 11.O-O Nf6 12.Bg5 h6 13.Bxf6 Qxf6 14.Qa4 O-O 15.Bxc6 Bxc6
16.Qxc6 e5 17.Rad1 exd4 18.Qe4 Rad8 19.Rxd4 Rfe8 20.Qd3 Be5 21.Nxe5 Rxd4
22.Qxd4 Rxe5 23.b4 Qe7 24.g3 Re6 25.Rd1 Kh7 26.h4 Rg6 27.Qd3 h5 28.Qf5 Qe2
29.Rd5 Kh6 30.Qf4+ Kh7 31.Qxf7 Qg4 32.c5 bxc5 33.bxc5 Qe2 34.Qf5 Kh6 35.Rd8 Kh7
36.Rd6  1-0

[Event "Centrocoop Sept op-A"]
[Site "Eforie Nord"]
[Date "1998.??.??"]
[Round "?"]
[White "Fufulyan, G."]
[Black "Udalkin, Ruslan A"]
[Result "1-0"]
[WhiteElo "2100"]
[BlackElo "2180"]

1.d4 d5 2.c4 e6 3.Nc3 Nf6 4.Nf3 c6 5.e3 Nbd7 6.Bd3 dxc4 7.Bxc4 b5 8.Bd3 a6
9.O-O c5 10.e4 cxd4 11.Nxd4 Bb7 12.Qe2 Nc5 13.Rd1 Nxd3 14.Rxd3 Qa5 15.Nb3 Qc7
16.Be3 Rd8 17.Rc1 Rxd3 18.Nd5 Qxc1+ 19.Bxc1 Rxd5 20.exd5 Bxd5 21.Qc2 Kd7
22.Bf4 Bd6 23.Bxd6 Kxd6 24.Qc5+ Ke5 25.Qc7+ Kf5 26.Nd4+ Kg6 27.Qg3+ Kh6 28.Qh4+ Kg6
29.Qg3+ Kh6 30.Qf4+ Kg6 31.h4 h6 32.Qg3+ Kh7 33.Qc7 Re8 34.Nf3 Kg8 35.Ne5 Rf8
36.a3 Ne4 37.Qa7 Nd6 38.Qxa6 Nc4 39.Nd7 Rd8 40.Qxb5 Nxb2 41.Ne5 Nd1 42.Qb6 Rc8
43.Qa7 f6 44.Ng6 Ra8 45.Qd4 Bb3 46.Qb4 Bc2 47.h5 Ba4 48.Qe4 Ra6 49.Qb7  1-0

[Event "Centrocoop June op-B"]
[Site "Eforie Nord"]
[Date "1998.??.??"]
[Round "?"]
[White "Tseitline, Semenov"]
[Black "Codirlasu, Alina"]
[Result "1-0"]
[WhiteElo "1750"]
[BlackElo "2050"]

1.Nf3 d5 2.c4 e6 3.d4 c6 4.e3 Nf6 5.Nc3 Nbd7 6.Bd3 dxc4 7.Bxc4 b5 8.Bd3 a6
9.O-O Be7 10.e4 O-O 11.Bg5 c5 12.e5 Nd5 13.Bxe7 Qxe7 14.Nxd5 exd5 15.dxc5 Nxc5
16.Bc2 Bb7 17.Rc1 Rac8 18.Bf5 Rc7 19.b4 Ne6 20.Qd2 Rc4 21.a3 Rfc8 22.Bd3 R4c6
23.h3 Qc7 24.Rxc6 Qxc6 25.Rd1 Qc3 26.Qe3 Kh8 27.Qb6 Qc6 28.Qxc6 Rxc6 29.a4 bxa4
30.b5 Rb6 31.bxa6 Bxa6 32.Bc2 Bb5 33.Rxd5 a3 34.Bb3 Bc6 35.Rd3 Bxf3 36.Rxf3 Nd4
37.Rxf7 h6 38.Bc4 Kh7 39.Ra7 Nc6 40.Bd3+ Kg8 41.Ra8+ Kf7 42.Bc4+ Ke7 43.f4 Rb4
44.Ba2 Rb5 45.Rxa3 Nxe5 46.fxe5 Rxe5 47.Ra7+ Kf6 48.Rc7 Rg5 49.Kf2 h5 50.g3 Rf5+
51.Ke3 g5 52.Ke4 Ra5 53.Bc4 Ra3 54.Bd3 Ra5 55.Rh7 h4 56.gxh4 gxh4 57.Bc4 Ra3
58.Kd4 Ra1 59.Rxh4 Kg7 60.Rh5 Kg6 61.Re5 Rd1+ 62.Bd3+ Kf6  1-0

[Event "Centrocoop Sept op-A"]
[Site "Eforie Nord"]
[Date "1998.??.??"]
[Round "?"]
[White "Zhidkov, Valery S"]
[Black "Rogozenko, Dorin"]
[Result "0-1"]
[WhiteElo "2400"]
[BlackElo "2435"]

1.Nf3 d5 2.d4 Nf6 3.c4 c6 4.Nc3 e6 5.e3 Nbd7 6.Qc2 Bd6 7.Be2 O-O 8.O-O Qe7
9.e4 Nxe4 10.Nxe4 dxe4 11.Qxe4 e5 12.Bg5 Nf6 13.Qh4 h6 14.c5 hxg5 15.cxd6 Qxd6
16.Nxg5 Qxd4 17.Qxd4 exd4 18.Rfd1 c5 19.Rac1 b6 20.b4 cxb4 21.Rxd4 a5 22.Rd6 Rb8
23.Bb5 Bf5 24.h3 Ne4 25.Nxe4 Bxe4 26.Rc7 Rfd8 27.Rxd8+ Rxd8 28.Ba4 Bd5 29.Rc2 Be6
30.Rc6 Rd2 31.Rxb6 Rxa2 32.Bc6 b3 33.g4 g5 34.Rb5 a4 35.Rxg5+ Kf8 36.Ra5 a3
37.Be4 Ra1+ 38.Kg2 a2  0-1